Svetové vynálezy v dátach chronologický prehľad významných udalostí z dejín tvorivej technickej práce

Enregistré dans:
Détails bibliographiques
Auteur principal: Jílek, František
Autres auteurs: Kuba, Josef, Jilková, Jaroslava
Format: Livre
Langue:slovaque
Publié: Bratislava Smena 1982
Collection:Sputnik
Tags: Ajouter un tag
Pas de tags, Soyez le premier à ajouter un tag!

MARC

LEADER 00000nam a2200000 4500
001 c119047
005 20231103121808.5
041 0 |a slo 
044 |a SK 
245 1 0 |a Svetové vynálezy v dátach  |b chronologický prehľad významných udalostí z dejín tvorivej technickej práce  |c František Jílek, Josef Kuba, Jaroslava Jílková 
264 1 |a Bratislava  |b Smena  |c 1982 
300 |a 308 s. 
490 1 |a Sputnik 
830 0 |a Sputnik 
100 1 |a Jílek, František 
700 1 |a Kuba, Josef 
700 1 |a Jilková, Jaroslava